000 00251nam a22000977a 4500
008 221104b |||||||| |||| 00| 0 eng d
020 _a9781760632137
100 _aWalters Minette
_97619
245 _aThe Last Hours
260 _aLondon
_bAllen & Unwin
_c2017
999 _c12133
_d12133